| Tag |
First Indicator |
Second Indicator |
Subfields |
| LEADER |
00000cam a22000008a 4500 |
| 001 |
in00000081844 |
| 005 |
20151008054154.0 |
| 008 |
810422s1981 nyua b 00110 eng |
| 010 |
|
|
|a 81007402
|
| 020 |
|
|
|a 0823013065
|
| 035 |
|
|
|a (OCoLC)07464708
|
| 035 |
|
|
|9 AAH9862AM
|
| 039 |
0 |
|
|a 2
|b 3
|c 3
|d 3
|e 3
|
| 040 |
|
|
|a DLC
|c DLC
|d TXA
|d UtOrBLW
|
| 049 |
|
|
|a TXAM
|c 1 [1672365], 2 [A10129243]
|
| 050 |
0 |
0 |
|a NC997
|b .H83
|
| 082 |
0 |
|
|a 741.6
|2 19
|
| 100 |
1 |
|
|a Hurlburt, Allen,
|d 1910-1983.
|
| 245 |
1 |
4 |
|a The design concept /
|c Allen Hurlburt.
|
| 263 |
|
|
|a 8109
|
| 264 |
|
1 |
|a New York, N.Y. :
|b Watson-Guptill Publications,
|c 1981.
|
| 300 |
|
|
|a 157 pages :
|b illustrations (some color) ;
|c 28 cm.
|
| 336 |
|
|
|a text
|b txt
|2 rdacontent
|
| 337 |
|
|
|a unmediated
|b n
|2 rdamedia
|
| 338 |
|
|
|a volume
|b nc
|2 rdacarrier
|
| 500 |
|
|
|a Includes index.
|
| 504 |
|
|
|a Bibliography: pages 149-151.
|
| 650 |
|
0 |
|a Graphic arts
|x Technique.
|
| 650 |
|
0 |
|a Communication in art.
|
| 999 |
|
|
|a MARS
|
| 999 |
f |
f |
|s b2f16058-238e-3230-95c5-34b5c218912c
|i 5d6d6d72-5193-3316-854e-7359465b7636
|t 0
|
| 952 |
f |
f |
|p storage
|a Texas A&M University
|b J.J. Pickle Campus
|c High Density Repository
|d Remote Storage
|t 0
|e NC997 .H83
|h Library of Congress classification
|i unmediated -- volume
|m A14810129243
|
| 952 |
f |
f |
|p normal
|a Texas A&M University
|b College Station
|c Sterling C. Evans Library
|d Evans: Library Stacks
|t 0
|e NC997 .H83
|h Library of Congress classification
|i unmediated -- volume
|m A14806169320
|
| 998 |
f |
f |
|a NC997 .H83
|t 0
|l Remote Storage
|
| 998 |
f |
f |
|a NC997 .H83
|t 0
|l Evans: Library Stacks
|